[Event "Dmg_Chmp_2022"]
[Site "Dimitrovgrad"]
[Date "2022.12.11"]
[Round "9"]
[White "Kuprikov, Alexey"]
[Black "Guliev, Fahrutdin"]
[Result "1-0"]
[WhiteElo "1722"]
[BlackElo "1750"]
[PlyCount "68"]

1. e4 e5 2. Nf3 d6 3. d4 exd4 4. Nxd4 Nf6 5. Nc3 Be7 6. Bc4 O-O 7. O-O c6 8.
Be3 Bg4 9. f3 Bc8 10. Bb3 a5 11. a4 Na6 12. Qd2 Nc5 13. Rad1 Nxb3 14. Nxb3 Be6
15. Nd4 Bc8 16. Nde2 Qc7 17. b3 Be6 18. Nf4 Rfd8 19. Qf2 Rf8 20. Bb6 Qc8 21.
Bd4 c5 22. Bxf6 Bxf6 23. Ncd5 Bd4 24. Rxd4 cxd4 25. Ne7+ Kh8 26. Nxc8 Bxc8 27.
Qxd4 Bd7 28. Nh5 f6 29. Qxd6 Bc6 30. Qe7 Rg8 31. Rd1 Rae8 32. Qd6 Ref8 33. Qc7
Re8 34. Rd6 Rc8 1-0

[Event "Dmg_Chmp_2022"]
[Site "Dimitrovgrad"]
[Date "2022.12.11"]
[Round "9"]
[White "Murzakhanov, Rustam"]
[Black "Zabarov, Viacheslav"]
[Result "1/2-1/2"]
[WhiteElo "1800"]
[BlackElo "1850"]
[PlyCount "57"]

1. d4 d5 2. c4 e5 3. dxe5 d4 4. Nf3 Nc6 5. Nbd2 Nge7 6. Nb3 Nf5 7. Bg5 Bb4+ 8.
Nbd2 Be7 9. Bxe7 Qxe7 10. Nb3 O-O 11. Qd2 Be6 12. Rc1 Rfd8 13. g3 a5 14. Rc2 a4
15. Nc1 Nb4 16. Nd3 Nxc2+ 17. Qxc2 b5 18. c5 Bxa2 19. Nb4 Qd7 20. Nxa2 a3 21.
b3 d3 22. exd3 Nd4 23. Nxd4 Qxd4 24. Kd2 Qxf2+ 25. Kc1 Qe1+ 26. Qd1 Qxe5 27.
Qc2 Qe1+ 28. Qd1 Qe5 29. Qc2 1/2-1/2

[Event "Dmg_Chmp_2022"]
[Site "Dimitrovgrad"]
[Date "2022.12.11"]
[Round "9"]
[White "Abramov, Gordey P."]
[Black "Batyukova, Anastasiya"]
[Result "1-0"]
[WhiteElo "1850"]
[BlackElo "1800"]
[PlyCount "82"]

1. c4 Nf6 2. Nc3 d5 3. cxd5 Nxd5 4. g3 Bg4 5. Bg2 e6 6. Qa4+ Nc6 7. Qxg4 f5 8.
Qc4 Qd7 9. Nxd5 exd5 10. Qxd5 O-O-O 11. Qxd7+ Rxd7 12. Bxc6 bxc6 13. Nf3 h6 14.
Ne5 Rd5 15. Ng6 Rg8 16. Nxf8 Rxf8 17. d4 Rxd4 18. Be3 Rd5 19. O-O g5 20. Rfd1
Rfd8 21. Rxd5 Rxd5 22. Rc1 Rd6 23. f4 g4 24. Bc5 Rd2 25. Bxa7 Kb7 26. Bf2 Rxb2
27. Bd4 Rxe2 28. Rc5 Rd2 29. Bf2 Rd5 30. Rxd5 cxd5 31. Kf1 Kc6 32. Ke2 Kb5 33.
Kd3 c5 34. a4+ Kb4 35. Bxc5+ Kxc5 36. a5 Kb5 37. Kd4 Kxa5 38. Kxd5 Kb6 39. Ke5
Kc7 40. Kxf5 h5 41. Kg5 Kd7 1-0

[Event "Dmg_Chmp_2022"]
[Site "Dimitrovgrad"]
[Date "2022.12.11"]
[Round "9"]
[White "Shapran, Stefaniya"]
[Black "Markelova, Maria"]
[Result "1-0"]
[WhiteElo "1800"]
[BlackElo "1600"]
[PlyCount "72"]

1. c4 d5 2. cxd5 Qxd5 3. Nc3 Qd8 4. d4 e6 5. e4 Bb4 6. Qb3 Bxc3+ 7. Qxc3 Nf6 8.
Bg5 Nxe4 9. Bxd8 Nxc3 10. Bxc7 Nd5 11. Bxb8 Rxb8 12. Rc1 O-O 13. Nf3 Nb4 14. a3
Na2 15. Rc2 b6 16. b3 Bb7 17. Rxa2 Bd5 18. Rb2 Rbc8 19. Kd2 h6 20. Ne5 f6 21.
Ng6 Rfe8 22. Nf4 a5 23. Bb5 Bc6 24. Bxc6 Rxc6 25. Rc2 Rd6 26. Ne2 e5 27. Rhc1
exd4 28. Rc8 Kf8 29. Rxe8+ Kxe8 30. Rc4 d3 31. Rd4 Rxd4 32. Nxd4 Ke7 33. Kxd3
Kd6 34. Nf5+ Kc5 35. Nxg7 b5 36. Ne6+ Kd5 1-0